| 000 | 00506cam a22002054a 4500 | ||
|---|---|---|---|
| 005 | 20250605164302.0 | ||
| 008 | 250528s ||||||||||||||||||||||||d | ||
| 035 | _a22121 | ||
| 020 | _a9780471474470 | ||
| 040 |
_aGR-AtMCL _bgre _dGR-AtMCL _eAACR2 |
||
| 245 | 1 | _aHOTEL AND LODGING MANAGEMENT: AN INTRODUCTION | |
| 250 | _a2 | ||
| 260 |
_bWiley, _c2006 |
||
| 300 | _a341 | ||
| 700 | 1 |
_aStutts Alan T _93911 |
|
| 700 | 1 |
_aWortman James F _93912 |
|
| 942 | _cBK | ||
| 999 |
_c7177 _d7177 |
||